000 01140cam a22003011 4500
001 sd 66000004
003 DLC
005 20260227112737.0
008 920420s1966 dcu f000 0 eng c
010 _asd 66000004
035 _a(OCoLC)25678488
040 _aU.S. Dept. of State. Library
_cDS
_dDS
_dDLC
042 _apremarc
050 0 0 _aE840
_b.U65
110 1 _aUnited States.
_bPresident (1963-1969 : Johnson)
245 1 0 _aForeign affairs.
260 _a[Washington]
_bDept. of State; [for sale by the Superintendent of Documents, U.S. Govt. Print. Off.,
_c1966]
300 _a17 p.
_c20 cm.
490 1 _a[U.S.] Dept. of State. Publication
_v8011
490 1 _aGeneral foreign policy series
_v211
500 _aCover title.
500 _a"Excerpt from the state of the Union message, January 12, 1966."
651 0 _aUnited States
_xForeign relations
_y1963-1969.
651 0 _aUnited States
_xForeign relations
_zVietnam.
651 0 _aVietnam
_xForeign relations
_zUnited States.
830 0 _aDepartment of State publication ;
_v8011.
830 0 _aDepartment of State publication.
_pGeneral foreign policy series ;
_v211.
999 _c90106
_d90106